000 00394nam a22001097a 4500
040 _cSY
082 _a471
100 _aមៀច សំអែល
245 _aQuels metiers pour les economistes agricoles?, តើមានមុខរបរអ្វីខ្លះ សំរាប់អ្នកសេដ្ឋកិច្ចកសិកម្ម?
260 _aRUA
_bមៀច
_c2001
942 _cKB
999 _c9740
_d9740